000 00454pab a2200169 454500
008 180718b2001 xxu||||| |||| 00| 0 eng d
100 _aSteelman, Toddi A.
245 _aProperty rights and property wrongs: why contex matters in fisheries management
260 _c2001
300 _ap.357-79
362 _aDec
650 _aRight to property
650 _aFisheries
700 _aWallace, Richard L.
773 _aPolicy Sciences
909 _a51009
999 _c51009
_d51009